| 000 | 01450nam a2200349 a 4500 | ||
|---|---|---|---|
| 001 | ebr10017536 | ||
| 003 | CaPaEBR | ||
| 006 | m u | ||
| 007 | cr cn||||||||| | ||
| 008 | 950815s1996 enk sb 001 0 eng | ||
| 010 | _z 95020530 | ||
| 020 | _z0415140099 (hb) | ||
| 040 |
_aCaPaEBR _cCaPaEBR |
||
| 035 | _a(OCoLC)191935730 | ||
| 050 | 1 | 4 |
_aJQ1692 _b.W33 1996eb |
| 082 | 0 | 4 |
_a324.6/3/0952 _220 |
| 100 | 1 |
_aWada, Junichiro, _d1960- |
|
| 245 | 1 | 4 |
_aThe Japanese election system _h[electronic resource] : _bthree analytical perspectives / _cJunichiro Wada. |
| 260 |
_aLondon ; _aNew York : _bRoutledge, _c1996. |
||
| 300 | _ax, 112 p. | ||
| 490 | 1 |
_aRoutledge studies in the growth economies of Asia, _x1359-7876 ; _v5 |
|
| 504 | _aIncludes bibliographical references (p. 103-109) and index. | ||
| 533 |
_aElectronic reproduction. _bPalo Alto, Calif. : _cebrary, _d2013. _nAvailable via World Wide Web. _nAccess may be limited to ebrary affiliated libraries. |
||
| 650 | 0 |
_aElections _zJapan. |
|
| 650 | 0 |
_aRepresentative government and representation _zJapan. |
|
| 650 | 0 |
_aPolitical parties _zJapan. |
|
| 651 | 0 |
_aJapan _xPolitics and government _y1989- |
|
| 655 | 7 |
_aElectronic books. _2local |
|
| 710 | 2 | _aebrary, Inc. | |
| 830 | 0 |
_aRoutledge studies in the growth economies of Asia ; _v5. |
|
| 856 | 4 | 0 |
_uhttp://site.ebrary.com/lib/rucke/Doc?id=10017536 _zAn electronic book accessible through the World Wide Web; click to view |
| 999 |
_c12273 _d12273 |
||